| 000 | 00346nam a22001577a 4500 | ||
|---|---|---|---|
| 003 | SGT | ||
| 020 | _a978-81-239-2898-2 | ||
| 082 |
_a616.025 _bM17S |
||
| 100 | _aSINGH,MEHARBAN | ||
| 245 | _aMEDICAL EMERGENCIES IN CHILDREN | ||
| 250 | _a5TH | ||
| 260 |
_aNEW DELHI _bC.B.S PUB _c2017 |
||
| 300 | _a934 | ||
| 650 | _aAYURVEDA | ||
| 942 |
_2ddc _cBK |
||
| 999 |
_c14966 _d14966 |
||